000 00587nam a2200193 i 4500
001 50941
003 ES-MaACL
005 20260525062927.0
007 t|
008 030807s1965 sp ||||1| spa d
245 0 0 _aCuentos populares lituanos /
_canónimo ; [versión directa del lituano por Laura Andresco].
260 _a[Madrid] :
_bEspasa-Calpe,
_c1965.
300 _a205 p. ;
_c18 cm.
490 1 _aColección austral ;
_v1341
700 1 _aAndresco, Laura.
_921626
830 0 _aColección austral
_v1341
_9177655
852 _aES-MaACL
_jC-27245
_bR.56208
999 _c50941
_d50941